|
|
|
|
| LEADER |
01131nam a22002891a 4500 |
| 001 |
c000119381 |
| 003 |
CARM |
| 005 |
20010423124038.0 |
| 008 |
850410s1959 enka 000 0 eng |
| 010 |
|
|
|a 58008075 /L/r852
|
| 019 |
1 |
|
|a 3785564
|z 42737879
|5 LACONCORD2021
|
| 035 |
|
|
|a (OCoLC)949418
|5 LACONCORD2021
|
| 040 |
|
|
|a LC
|b eng
|c LC
|d ABN-SNR
|
| 041 |
1 |
|
|a engdut
|
| 050 |
0 |
0 |
|a QC21
|b .K713 1959
|
| 082 |
0 |
4 |
|a 530.82
|
| 100 |
1 |
|
|a Kronig, R.
|q (Ralph),
|d 1904-
|
| 240 |
1 |
0 |
|a Leerboek der natuurkunde.
|l English
|
| 245 |
1 |
0 |
|a Textbook of physics.
|c Under the editorship of R. Kronig in collaboration with J. De Boer [and others] With biographical notes and tables by J. Korringa.
|
| 250 |
|
|
|a [2d rev. English ed.].
|
| 260 |
|
|
|a London,
|a New York,
|b Pergamon Press
|c [1959]
|
| 300 |
|
|
|a 961 p.
|b illus.
|c 25 cm.
|
| 500 |
|
|
|a Translation of Leerboek der natuurkunde.
|
| 650 |
|
0 |
|a Physics.
|
| 852 |
8 |
|
|b CARM
|h A2:AK08E0
|i C03936
|p 0197786
|f BK
|
| 999 |
f |
f |
|i 7ec53627-f003-51ef-a0c4-7e14badf725a
|s 9ffb9350-8909-5888-8628-644f3fb3f188
|
| 952 |
f |
f |
|p Can circulate
|a CAVAL
|b CAVAL
|c CAVAL
|d CARM 1 Store
|e C03936
|f A2:AK08E0
|h Other scheme
|i book
|m 0197786
|